Подробности
| 000 -МАРКЕР |
| контрольное поле |
02165nam0a2200337 4500 |
| 001 - ИДЕНТИФИКАТОР ЗАПИСИ |
| контрольное поле |
RU\NLR\bibl\1860779 |
| 005 - ИДЕНТИФИКАТОР ВЕРСИИ |
| контрольное поле |
20260408071909.0 |
| 021 ## - НОМЕР ГОСУДАРСТВЕННОЙ РЕГИСТРАЦИИ |
| Код страны |
Российская Федерация |
| Номер |
2011-105926 |
| Номер Листа государственной регистраци |
7582 |
| 035 ## - ДРУГИЕ СИСТЕМНЫЕ НОМЕРА |
| Идентификатор записи |
(NLR Aleph) 001850681 |
| 100 ## - ДАННЫЕ ОБЩЕЙ ОБРАБОТКИ |
| Данные общей обработки |
20120126d2011 |||y0rusy50 ca |
| 101 0# - ЯЗЫК РЕСУРСА |
| Язык текста, звукозаписи и т.д. |
русский |
| 102 ## - СТРАНА ПУБЛИКАЦИИ ИЛИ ПРОИЗВОДСТВА |
| Страна публикации |
Российская Федерация |
| 105 ## - ПОЛЕ КОДИРОВАННЫХ ДАННЫХ: ТЕКСТОВЫЕ МАТЕРИАЛЫ, МОНОГРАФИЧЕСКИЕ |
| Кодированные данные о монографическом текстовом документе |
a ||||||||| |
| 200 1# - ЗАГЛАВИЕ И СВЕДЕНИЯ ОБ ОТВЕТСТВЕННОСТИ |
| Основное заглавие |
Здоровый образ жизни, валеология и основы медицинских знаний |
| Сведения, относящиеся к заглавию |
учебное пособие для студентов педагогических специальностей |
| Первые сведения об ответственности |
М-во образования и науки Рос. Федерации, Федер. гос. бюджет. образоват. учреждение высш. проф. образования "Стерлитамак. гос. пед. акад. им. Зайнаб Биишевой" |
| Последующие сведения об ответственности |
[авт.-сост.: к.м.н., доц. Эльвира Рашитовна Гильванова] |
| 210 ## - ПУБЛИКАЦИЯ, РАСПРОСТРАНЕНИЕ И ДР. |
| Место издания, распространения и т.д. |
Стерлитамак |
| Имя издателя, распространителя и т. д. |
Стерлитамакская государственная педагогическая академия |
| Дата издания, распространения и т.д. |
2011 |
| 215 ## - ФИЗИЧЕСКАЯ ХАРАКТЕРИСТИКА |
| Специфическое обозначение материала и объем |
320 с. |
| Другие сведения о физической характеристике |
ил. |
| Размеры |
20 |
| 320 ## - ПРИМЕЧАНИЯ О НАЛИЧИИ В ДОКУМЕНТЕ БИБЛИОГРАФИИ / УКАЗАТЕЛЯ |
| Текст примечания |
Библиогр.: с. 308-317 |
| 606 1# - НАИМЕНОВАНИЕ ТЕМЫ КАК ПРЕДМЕТ |
| Наименование темы |
Здоровье |
| Формальный подзаголовок |
Учебные издания для высших учебных заведений |
| Тематический подзаголовок |
Влияние образа жизни |
| Системный номер авторитетной/нормативной записи |
1187547 |
| Идентификатор авторитетной/нормативной записи |
RU\NLR\auth\66478790 |
| 606 1# - НАИМЕНОВАНИЕ ТЕМЫ КАК ПРЕДМЕТ |
| Наименование темы |
Валеология |
| Формальный подзаголовок |
Учебные издания для высших учебных заведений |
| Системный номер авторитетной/нормативной записи |
1220837 |
| Идентификатор авторитетной/нормативной записи |
RU\NLR\auth\66178475 |
| 606 1# - НАИМЕНОВАНИЕ ТЕМЫ КАК ПРЕДМЕТ |
| Наименование темы |
Медицина |
| Формальный подзаголовок |
Учебные издания для высших учебных заведений |
| Системный номер авторитетной/нормативной записи |
892737 |
| Идентификатор авторитетной/нормативной записи |
RU\NLR\auth\662895 |
| 686 ## - ИНДЕКСЫ ДРУГИХ КЛАССИФИКАЦИЙ |
| Индекс |
Р120.4я73-1 |
| 686 ## - ИНДЕКСЫ ДРУГИХ КЛАССИФИКАЦИЙ |
| Индекс |
Р.я73-1 |
| 702 #1 - ИМЯ ЛИЦА - ВТОРИЧНАЯ ОТВЕТСТВЕННОСТЬ |
| Начальный элемент ввода |
Гильванова |
| Часть имени, кроме начального элемента ввода |
Э. Р. |
| Расширение инициалов личного имени |
Эльвира Рашитовна |
| Код отношения |
Составитель |
| 712 02 - НАИМЕНОВАНИЕ ОРГАНИЗАЦИИ - ВТОРИЧНАЯ ОТВЕТСТВЕННОСТЬ |
| Код отношения |
Прочие |
| Начальный элемент ввода |
Стерлитамакская государственная педагогическая академия им. Зайнаб Биишевой |
| Идентификатор авторитетной/нормативной записи |
RU\NLR\AUTH\8810059206 |
| Системный номер авторитетной/нормативной записи |
619639 |
| 801 #0 - ИСТОЧНИК ЗАПИСИ |
| Страна |
Российская Федерация |
| Организация |
NLR |
| Дата составления |
20120126 |
| Правила каталогизации |
RCR |
| 801 #1 - ИСТОЧНИК ЗАПИСИ |
| Страна |
Российская Федерация |
| Организация |
NLR |
| Дата составления |
20120126 |
| 942 ## - ДОПОЛНИТЕЛЬНЫЕ ЭЛЕМЕНТЫ ЗАПИСИ (АБИС) |
| Тип экземпляра АБИС |
Книга |
| 980 ## - КОЛЛЕКЦИЯ |
| Название коллекции |
Национальная библиография |
| 980 ## - КОЛЛЕКЦИЯ |
| Название коллекции |
НБР |